1864 1983 1415 1459 1898 1125 1849 1218 1949 1595 1462 1972 1339 1594 1111 1952 1637 1509 1189 1746 1827 1257 1726 1214 1375 1231 1296 1662 1068 1067 1778 1156 1953 1466 1634 1228 1083 1135 1961 1483 1158 1174 1916 1089 1093 1165 1174 1284 1988 1269 1963 1081 1984 1854 1567 1281 1049 1179 1293 1950 1424 1256 1436 1727 1291 1044 1494 1298 1344 1422 1489 1637 1160 1504 1084 1839 1568 1108 1635 1427 1831 1179 1598 1803 1630 1854 1930 1657 1306 1542 1613 1900 1474 1184 1843 1034 1082 1999 1692 BCNSPRNW ULIB Ver.6.0+V

เปลี่ยนเป็นภาษาไทย

Change to English
 แสดงรายละเอียดบรรณานุกรม
  กลับหน้าหลัก

Brief Record : Get Marc (ISO 2709) : E-mail record : QR code < ปิดหน้าต่าง
LEADER : 00000nam 2200000uu 4500
001    13399114412
003     ULIB
008    120328s||||||||th 000 0 tha d
020    ^a9786167134468
050  4 ^aBQ4190^bว111ธ
100 0  ^aว. วชิรเมธี
245 10 ^aธรรมะมหาสนุก ชุด ธรรมะมาดี /^cว. วชิรเมธี
250    ^aพิมพ์ครั้งที่ 1
260    ^aกรุงเทพฯ :^bสุขสว่าง,^c2553
300    ^a128 หน้า :^bภาพประกอบสี ;^c17 ซม.
650  4 ^aการดำเนินชีวิต
650  4 ^aธรรมะ
650  4 ^aการ์ตูน
945    ^p119^l0^i031514
945    ^p119^l0^i031515
995    ^aทศพร
999 ^a ทศพร
รายการนี้ยังไม่มีแท็ก
คุณยังไม่ได้ล็อกอิน คุณสามารถมีกิจกรรมร่วมกับเว็บไซต์ได้ แต่ต้องล็อกอินก่อน ::
  ล็อกอิน

รายการสื่อสารสนเทศ

ลำดับที่ ประเภท เลขเรียก/บาร์โค้ด สถานที่ สถานะ
- ไม่พบข้อมูล -

รายการใกล้เคียง
    ผู้แต่ง [ว. วชิรเมธี]

    หัวเรื่อง [การดำเนินชีวิต]
    หัวเรื่อง [ธรรมะ]
    หัวเรื่อง [การ์ตูน]

BibComment


ยังไม่เคยถูกคอมเมนท์

คอมเมนท์ทรัพยากรรายการนี้
  คอมเมนท์: ธรรมะมหาสนุก ชุด..


 Copyright 2026. Bcnsprnw @Library